| 000 | 00526cam a2200205ua 4500 | ||
|---|---|---|---|
| 001 | 11182 | ||
| 008 | 190902n ii |||gr||||Z||||||asm | ||
| 020 | _a9789383252947 | ||
| 040 | _cMAIN | ||
| 041 | _aasm | ||
| 082 | _a398.0954162 | ||
| 100 |
_aBoijayanta Keot, _eEditor., |
||
| 245 |
_aAsamar lokasanskritir nirbachita prabandha _cEdited by Boijayanta Keot |
||
| 250 | _a1st ed. | ||
| 260 |
_aGuwahati: _bEBH publishers, _c2016. |
||
| 300 | _a117p. | ||
| 653 | _aFolklore | ||
| 653 | _aFolklore of Assam | ||
| 942 | _cBK | ||
| 999 |
_c10045 _d10045 |
||